| 000 | 00702nam a2200241 a 4500 | ||
|---|---|---|---|
| 001 | 394 | ||
| 003 | BR-CuiBMT | ||
| 005 | 20231214170935.0 | ||
| 008 | 231103s2009 spba 001 0 por d | ||
| 020 | _a9788522454013 | ||
| 040 |
_aBR-CuiBMT _cBR-CuiBMT |
||
| 080 |
_22007 _a342 |
||
| 090 |
_a342 _bM827d _c24. ed. |
||
| 100 | 1 |
_aMoraes, Alexandre de, _d1968- |
|
| 245 | 1 | 0 |
_aDireito constitucional / _cAlexandre de Moraes. |
| 250 | _a24. ed. | ||
| 260 |
_aSão Paulo : _bAtlas, _c2009. |
||
| 300 |
_a914 p. : _bil. ; _c25 cm + _e1 CD-ROM |
||
| 500 | _aEdição atualizada até a EC nº 57/08. | ||
| 504 | _aInclui bibliografia e índice. | ||
| 650 |
_aDireito constitucional _zBrasil |
||
| 942 |
_2udc _cLV |
||
| 999 |
_c394 _d394 |
||